000
00461nam a2200145Ia 4500
008
090123s9999 xx 000 0 und d
082
_b
17976
245
_a
डॉ. जेकिल अॅड मि.हाईड
250
_a
1
260
_b
सुपर्ण प्रकाशन
_c
1989
300
_a
60
630
_a
डॉ. जेकिल अॅड मि.हाईड
730
_a
डॉ. जेकिल अॅड मि.हाईड
942
_c
BOOK
999
_c
56036
_d
56036